Földismérteto kézi könyvetske, ...

Bibliographic Details
Main Author: Lukács, Pál (Author)
Format: Book
Language:English
PhysicalDescription:39 s.
Published: Kassa Vajda Pál 1833

MARC

LEADER 00000nam a2200000 a 4500
001 vtls008155213
003 SK-MaSNL
005 20260301074525.0
008 240313 000 0 eng
040 |a SNK  |b slo  |c SNK  |e AACR2 
100 1 |a Lukács, Pál  |4 aut  |9 397268 
245 1 |a Földismérteto kézi könyvetske, ... 
260 |a Kassa  |b Vajda Pál  |c 1833 
300 |a 39 s. 
999 |c 647409  |d 649339 
952 |a SNK  |b SNK  |y PREZ  |7 0  |p 17A0469026  |o snkSD 11223  |i snk4515/56  |3 rekatalogizácia  |0 0  |1 0  |4 0  |d 2005-05-19  |l 0  |r 2025-11-25 00:00:00  |w 2026-02-23